000 00865nam a2200313 a 4500
001 22270
003 VRT
005 20260324155423.0
008 950825s1994 xo 000 1 slo c
020 _a8085680424 (viaz.)
035 _aUKB000003138
040 _aBAA001
_bslo
_cBAA001
_eAACR2
041 1 _aslo
_heng
044 _axo
_cSK
080 _a820-311.4
100 1 _aVincenzi, Penny
245 0 0 _aHriešne radosti
_cPenny Vincenziová ; Z angl. orig. prel. Katarína Steskálová
_n2
250 _a1. vyd.
260 _aBratislava
_bINA
_c1994
300 _a376 s.
650 0 7 _aliteratúra anglická
650 0 7 _aromány spoločenské
653 _a820-311.4
700 1 _aSteskálová, Katarína
_4trl
910 _aukb
942 _2ddc
_cKLDO
_n0
949 _61800146329
_a30.D.61017
_bPV.2327-95
949 _63138-20
_aSL.D.21257
_bPV.2328-95
999 _c22270
_d22270